| 000 | 01204cam a2200349 a 4500 | ||
|---|---|---|---|
| 001 | 2526910 | ||
| 003 | OSt | ||
| 005 | 20140310181933.0 | ||
| 008 | 940524s1994 pau j 000 1 eng | ||
| 010 | _a 93085541 | ||
| 020 | _a0439436494 | ||
| 040 |
_aDLC _cDLC |
||
| 042 | _alcac | ||
| 050 | 0 | 0 |
_aPZ 7 _b.M787 1992 |
| 082 | 0 | 0 |
_aCLA M76an _b1992 |
| 100 | 1 |
_aMontgomery, L. M. _q(Lucy Maud), _d1874-1942. _93040 |
|
| 245 | 1 | 0 |
_aAnne of Avonlea / _cLucy Maud Montgomery. |
| 260 |
_aNew York _bScholastic Inc. _c2002 |
||
| 300 |
_a256 p. ; _c22 cm. |
||
| 440 | 0 |
_aCourage classics _92930 |
|
| 520 | _aIn this sequel to Anne of Green Gables, the engaging orphan, just "half-past sixteen," becomes a schoolma'am in a small village on Prince Edward Island. | ||
| 541 | _j1 | ||
| 562 | _e1 | ||
| 650 | 1 |
_aOrphans _vFiction. _93041 |
|
| 650 | 1 |
_aTeachers _vFiction. _93042 |
|
| 650 | 1 |
_aIslands _vFiction. _93043 |
|
| 651 | 1 |
_aPrince Edward Island _xHistory _y20th century _vFiction. _93044 |
|
| 651 | 1 |
_aCanada _xHistory _y1867-1914 _vFiction. _93045 |
|
| 906 |
_a7 _bcbc _corignew _d2 _eopcn _f19 _gy-gencatlg |
||
| 942 |
_2lcc _cBBK _kCLA |
||
| 999 |
_c7449 _d7449 |
||